LEADER 00858nam0-2200313---450- 001 990010012570403321 005 20151106130729.0 010 $a9780500290712 035 $a001001257 035 $aFED01001001257 035 $a(Aleph)001001257FED01 035 $a001001257 100 $a20151106d2013----km-y0itay50------ba 101 0 $aeng 102 $aGB 105 $a--------001yy 200 1 $aSustainable materials, processes and production$fRob Thompson$gMartin Thompson (Photographer), 210 $aLondon$cThames & Hudson$d2013 215 $a224 pages$cillustrations (colour)$d24 cm 610 0 $aMateriali 676 $a670 700 1$aThompson,$bRob 702 1$aThompson$bMartin 801 0$aIT$bUNINA$gRICA$2UNIMARC 901 $aBK 912 $a990010012570403321 952 $a14 P.023.069$fDINMP 959 $aDINMP 997 $aUNINA LEADER 02833nam 2200445 450 001 9910467731303321 010 $a1-78969-151-6 035 $a(CKB)4100000008952907 035 $a(MiAaPQ)EBC5845593 035 $a(EXLCZ)994100000008952907 100 $a20190208d2018 uy| 0 101 0 $aeng 135 $aurcnu|||||||| 181 $2rdacontent 182 $2rdamedia 183 $2rdacarrier 200 00$aRecommendations for best practices in data acquisition methods for natural and cultural heritage management of Moroccan coastal wetlands $erecommandations pour les bonnes pratiques en matie?re de me?thodes d'acquisition de donne?es pour la gestion du patrimoine naturel et culturel des zones humides co?tie?res Marocaines /$fAthena Trakadas, Nadia Mhammdi, editors/e?diteurs 210 1$aOxford :$cArchaeopress Publishing Ltd,$d[2018] 215 $a1 online resource (102 pages) $ccolor illustrations 311 $a1-78969-150-8 320 $aIncludes bibliographical references. 330 8 $aAs part of the CBDAMM Project (Capacity Building of Data Acquisition Methods with a view to promoting natural and cultural heritage management practices in Morocco), a set of recommendations for the processes of acquiring data in marine environments and coastal wetlands has been established for Moroccan stakeholders. 0'Recommendations for best practices in data acquisition methods for natural and cultural heritage management of Moroccan coastal wetlands' aims to outline the functional procedures for conducting scientific coastal marine surveys in the Moroccan context. It outlines the requirements, methods, and practices of the four scientific fields that rely on shared data from such surveys: hydrography, marine geology, marine biology and toxicology, and maritime archaeology and heritage management. The content is derived from workshops, study visits, and fieldwork surveys carried out during the CBDAMM Project, utilising the specific case-study of the Oued Bouregreg, a tidal river and wetland that runs between the urban centres of Rabat and Sale?, on the Atlantic coast of Morocco. 606 $aWetland conservation$zMorocco 606 $aCoastal zone management$zMorocco 606 $aWetland surveys$zMorocco 608 $aElectronic books. 615 0$aWetland conservation 615 0$aCoastal zone management 615 0$aWetland surveys 676 $a333.918160964 700 $aTrakadas$b Athena$0603608 702 $aTrakadas$b Athena 702 $aMhammdi$b Nadia 801 0$bMiAaPQ 801 1$bMiAaPQ 801 2$bMiAaPQ 906 $aBOOK 912 $a9910467731303321 996 $aRecommendations for best practices in data acquisition methods for natural and cultural heritage management of Moroccan coastal wetlands$92179209 997 $aUNINA LEADER 01721nam 2200505 450 001 9910827096003321 005 20180330144747.0 035 $a(CKB)4100000002543174 035 $a(MiAaPQ)EBC5316896 035 $a(DLC) 2017059528 035 $a(EXLCZ)994100000002543174 100 $a20180323h20182018 uy 0 101 0 $aeng 135 $aurcnu|||||||| 181 $2rdacontent 182 $2rdamedia 183 $2rdacarrier 200 00$aCategory change from a constructional perspective /$fedited by Kristel Van Goethem, [and three others] 210 1$aAmsterdam, [Netherlands] ;$aPhiladelphia, [Pennsylvania] :$cJohn Benjamins Publishing Company,$d2018. 210 4$dİ2018 215 $a1 online resource (324 pages) 225 1 $aConstructional Approaches to Language,$x1573-594X ;$vVolume 20 311 $a90-272-0041-6 311 $a90-272-6435-X 320 $aIncludes bibliographical references and index. 410 0$aConstructional approaches to language ;$vVolume 20. 606 $aConstruction grammar 606 $aGrammar, Comparative and general$xGrammaticalization 606 $aCategorial grammar 606 $aReconstruction (Linguistics) 606 $aLinguistic change 615 0$aConstruction grammar. 615 0$aGrammar, Comparative and general$xGrammaticalization. 615 0$aCategorial grammar. 615 0$aReconstruction (Linguistics) 615 0$aLinguistic change. 676 $a415.01/836 702 $aVan Goethem$b Kristel 801 0$bMiAaPQ 801 1$bMiAaPQ 801 2$bMiAaPQ 906 $aBOOK 912 $a9910827096003321 996 $aCategory change from a constructional perspective$93963376 997 $aUNINA